| 000 | 00498nam a2200181Ia 4500 | ||
|---|---|---|---|
| 005 | 20250326141626.0 | ||
| 008 | 250326s9999 xx 000 0 und d | ||
| 037 | _aTextbook | ||
| 040 |
_aFMSL _beng _cFMSL |
||
| 041 |
_aeng _2eng |
||
| 084 | _qFMSL | ||
| 100 |
_aNagaiya' D _9271645 |
||
| 245 | 0 |
_aIndustrial sickness: A Health monitoring approach _cNagaiya' D |
|
| 260 |
_aNew Delhi _bNew Delhi, Discovery pub. House _c1991 |
||
| 300 | _a276p | ||
| 942 | _cTB | ||
| 999 |
_c1291203 _d1291203 |
||